| 000 | 00585nas a2200145 a 4500 | ||
|---|---|---|---|
| 008 | 140219c99999999||||||||||||||||| || u | ||
| 050 | _aPER/SIU | ||
| 110 | _aSociety international D'urologie | ||
| 245 | 1 | 0 | _aSIU newsletter |
| 260 |
_aCanada: _bSociety International D'urologie _c |
||
| 362 | 1 | _a<p>2013, Vol.9/No.3</p> | |
| 650 | _aUROLOGY,GENITOURINARY ORGANS--DISEASES, UROLOGY DISEASES | ||
| 650 | _aUROLOGY--PERIODICALS | ||
| 995 |
_aMEDICAL LIBRARY OPEN ACCESS _eVol.9/No.9-2013 _FCBU-SCHOOL OF MEDICINE LIBRARY (Ndola) _jPER/SIU _M1 _UAVAILABLE _WFeb 19, 2014 _y201393 _ZSerial (Print) |
||
| 999 |
_c32707 _d32707 |
||